000 01857nam a22003377a 4500
005 20260317141400.0
008 260317s2025 ck ||||gr|||| 00| 0 spa d
020 _a9789586091855
_q(Obra completa)
020 _a9789586091893
_q(Electrónico)
040 _aCO-BoESAP
_bspa
_cCO-BoESAP
082 0 4 _a351.861
_bR63p
100 1 _aRodríguez Rincón, Yolanda
_9195712
_eeditor
245 1 0 _aPasado y presente de la administración pública /
_cYolanda Rodríguez Rincón, Jesús María Molina, José Francisco Puello-Socarrás, editores académicos.
260 _aBogotá :
_bEscuela Superior de Administración Pública,
_c2025.
300 _a259 páginas
490 0 _aVademécum de la Administración Pública
_x9789586091886
_x9789586091923
_vVol. III
504 _aIncluye referencias bibliográficas al final de cada capítulo.
520 _aEl pasado y presente de la administración pública reflejan una evolución desde modelos burocráticos hacia una gestión más moderna, innovadora y enfocada en el ciudadano, buscando eficiencia y el desarrollo sostenible; hoy, en un contexto de posacuerdos y transformación social, la administración pública se redefine como un agente clave para la justicia social, la implementación de políticas de paz y la garantía de derechos humanos, como se explora en publicaciones de la ESAP.
526 _a51868
526 _a104436
526 _a102619
526 _a1697
650 1 4 _aPolíticas públicas
_9178915
_zColombia
650 2 4 _aConflicto armado
_910156
_zColombia
650 2 4 _aDerechos humanos
_92723
_zColombia
650 2 4 _aAcuerdos de paz
_992058
_zColombia
651 4 _aColombia
_9164775
_xAdministración pública
700 1 _aMolina Giraldo, Jesús María
_9128414
_eeditor
700 1 _aPuello-Socarrás, José Francisco,
_d1977-
_9141930
_eeditor
942 _2ddc
_cCOD
_n0
999 _c175285
_d175285